[Event "Ceske Budejovice op"]
[Site "Ceske Budejovice"]
[Date "2021.07.08"]
[Round "8"]
[White "Richter, Rudolf"]
[Black "Huskova, Agata"]
[Result "1/2-1/2"]
[WhiteElo "1595"]
[BlackElo "1536"]
[PlyCount "52"]
[EventDate "2021.07.01"]
[EventType "swiss"]
[EventRounds "9"]
[EventCountry "CZE"]
[SourceTitle "CBM 203 Extra"]
[Source "ChessBase"]
[SourceDate "2021.09.30"]
[SourceVersion "1"]
[SourceVersionDate "2021.09.30"]
[SourceQuality "1"]

1. d4 Nf6 2. c4 c5 3. d5 e5 4. Nc3 d6 5. e4 Be7 6. Nf3 0-0 7. Be2 Ne8 8. h4 g6 9. Bh6 Ng7 10. Ng5 f5 11. g4 fxe4 12. Ncxe4 Na6 13. h5 Nc7 14. hxg6 hxg6 15. Qd3 Nce8 16. Bxg7 Nxg7 17. Nh7 Rf4 18. g5 Bf5 19. Nef6+ Bxf6 20. Nxf6+ Kf7 21. Qb3 Qa5+ 22. Qc3 Qxc3+ 23. bxc3 b6 24. f3 Rb8 25. Kd2 Rb7 26. Rh8 Rc7 1/2-1/2

[Event "Ceske Budejovice op"]
[Site "Ceske Budejovice"]
[Date "2021.07.03"]
[Round "3"]
[White "Huskova, Agata"]
[Black "Cipl, Jan"]
[Result "0-1"]
[WhiteElo "1536"]
[BlackElo "1730"]
[PlyCount "50"]
[EventDate "2021.07.01"]
[EventType "swiss"]
[EventRounds "9"]
[EventCountry "CZE"]
[SourceTitle "CBM 203 Extra"]
[Source "ChessBase"]
[SourceDate "2021.09.30"]
[SourceVersion "1"]
[SourceVersionDate "2021.09.30"]
[SourceQuality "1"]

1. e4 e5 2. Nf3 Nc6 3. Nc3 Nf6 4. g3 Bb4 5. d3 d5 6. exd5 Nxd5 7. Bd2 Bg4 8. h3 Bh5 9. g4 Bg6 10. Bg2 0-0 11. a3 Bxc3 12. bxc3 e4 13. Ng1 exd3 14. cxd3 Bxd3 15. Qf3 Re8+ 16. Kd1 Be4 17. Qg3 Bxg2 18. Qxg2 Nxc3+ 19. Kc1 Qd4 20. Nf3 Ne2+ 21. Kc2 Qe4+ 22. Kb2 Re5 23. Rab1 Ned4 24. Nh4 Rb5+ 25. Ka1 Nc2+ 0-1

[Event "Ceske Budejovice op"]
[Site "Ceske Budejovice"]
[Date "2021.07.01"]
[Round "1"]
[White "Huskova, Agata"]
[Black "Paulus, Vaclav"]
[Result "0-1"]
[WhiteElo "1536"]
[BlackElo "2060"]
[PlyCount "100"]
[EventDate "2021.07.01"]
[EventType "swiss"]
[EventRounds "9"]
[EventCountry "CZE"]
[SourceTitle "CBM 203 Extra"]
[Source "ChessBase"]
[SourceDate "2021.09.30"]
[SourceVersion "1"]
[SourceVersionDate "2021.09.30"]
[SourceQuality "1"]

1. e4 c5 2. Nc3 e5 3. g3 Nc6 4. Bg2 d6 5. d3 Nf6 6. Be3 Be7 7. f4 Ng4 8. Bd2 exf4 9. Bxf4 Bg5 10. Nf3 Bxf4 11. gxf4 Nd4 12. Nd5 Be6 13. c3 Nxf3+ 14. Qxf3 Qh4+ 15. Qg3 Qxg3+ 16. hxg3 Bxd5 17. exd5 0-0 18. Kd2 Rfe8 19. Rae1 h6 20. Bf3 Nf6 21. g4 Rxe1 22. Rxe1 Re8 23. Rb1 b6 24. a3 g5 25. fxg5 hxg5 26. b4 Rc8 27. bxc5 Rxc5 28. c4 Kg7 29. a4 Nd7 30. Be4 Ne5 31. Bf5 Nf3+ 32. Kc3 Nh4 33. Be4 Rc7 34. Rb5 Kf6 35. d4 Ng6 36. Bxg6 Kxg6 37. a5 bxa5 38. Rxa5 f5 39. gxf5+ Kxf5 40. c5 Ke4 41. Kc4 g4 42. Ra6 g3 43. Rxd6 Rg7 44. Re6+ Kf5 45. c6 g2 46. Re1 g1Q 47. Rxg1 Rxg1 48. Kc5 Rc1+ 49. Kd6 Ke4 50. Kd7 Kxd5 0-1

[Event "Karlovy Vary CupT U16"]
[Site "Karlovy Vary"]
[Date "2020.01.22"]
[Round "1.3"]
[White "Delgerdalai, Bayarjavkhlan"]
[Black "Huskova, Agata"]
[Result "1/2-1/2"]
[WhiteElo "1540"]
[BlackElo "1435"]
[PlyCount "121"]
[EventDate "2020.01.22"]
[EventType "team-swiss"]
[EventRounds "4"]
[EventCountry "CZE"]
[SourceTitle "CBM 194 Extra"]
[Source "ChessBase"]
[SourceDate "2020.03.31"]
[SourceVersion "1"]
[SourceVersionDate "2020.03.31"]
[SourceQuality "1"]
[WhiteTeam "Zlinsky kraj"]
[BlackTeam "Liberecky kraj"]
[WhiteTeamCountry "CZE"]
[BlackTeamCountry "CZE"]

1. e4 e5 2. Nf3 Nc6 3. Bc4 Bc5 4. c3 Nf6 5. d4 exd4 6. cxd4 Bb4+ 7. Nc3 Nxe4 8. 0-0 Bxc3 9. d5 Bf6 10. Re1 Ne7 11. Rxe4 d6 12. Bg5 Bxg5 13. Nxg5 h6 14. Qh5 0-0 15. Rae1 Nf5 16. Nh3 Bd7 17. Nf4 Qf6 18. Nd3 Rfe8 19. h3 Rxe4 20. Rxe4 Re8 21. Rxe8+ Bxe8 22. Qe2 Bd7 23. Kh2 Kh7 24. Qe4 g6 25. a3 Qd4 26. Qxd4 Nxd4 27. Kg3 Nf5+ 28. Kf4 Kg7 29. Ke4 f6 30. b4 Nh4 31. Ne1 h5 32. b5 g5 33. a4 f5+ 34. Kd4 Kf6 35. Be2 g4 36. g3 Ng6 37. hxg4 hxg4 38. Nd3 Kg5 39. Ke3 Ne5 40. Nxe5 dxe5 41. f3 gxf3 42. Bxf3 f4+ 43. gxf4+ exf4+ 44. Kf2 Kh4 45. Be4 Kg4 46. Bf3+ Kh3 47. Be2 Bg4 48. Bd3 Bd1 49. a5 Bg4 50. b6 axb6 51. axb6 cxb6 52. Bb5 Kh2 53. d6 Kh3 54. d7 Bxd7 55. Bxd7+ Kh4 56. Kf3 Kg5 57. Bc8 b5 58. Bxb7 b4 59. Bd5 b3 60. Bxb3 Kf6 61. Kxf4 1/2-1/2

[Event "EU-ch U16 Girls"]
[Site "Bratislava"]
[Date "2019.08.10"]
[Round "9"]
[White "Huskova, Agata"]
[Black "Bojovic, Neda"]
[Result "1-0"]
[WhiteElo "1417"]
[BlackElo "1318"]
[PlyCount "55"]
[EventDate "2019.08.02"]
[EventType "swiss"]
[EventRounds "9"]
[EventCountry "SVK"]
[SourceTitle "CBM 191 Extra"]
[Source "ChessBase"]
[SourceDate "2019.09.30"]
[SourceVersion "1"]
[SourceVersionDate "2019.09.30"]
[SourceQuality "1"]

1. e4 c5 2. c3 Nc6 3. d4 cxd4 4. cxd4 d6 5. Nf3 Qc7 6. Nc3 a6 7. Nd5 Qd8 8. h3 g6 9. Be3 Bg7 10. Qd2 Bd7 11. Rc1 e6 12. Nc3 Nge7 13. Be2 0-0 14. Bh6 Rc8 15. 0-0 Qb6 16. Bxg7 Kxg7 17. b3 Rc7 18. Rfd1 d5 19. exd5 exd5 20. Na4 Qa7 21. Nc5 Bf5 22. g4 Bd7 23. Qf4 Rfc8 24. Nxd7 Rxd7 25. Ne5 Nxe5 26. Qxe5+ Kg8 27. Rxc8+ Nxc8 28. Qe8+ 1-0

[Event "EU-ch U16 Girls"]
[Site "Bratislava"]
[Date "2019.08.09"]
[Round "8"]
[White "Sadka Darrell, Daria"]
[Black "Huskova, Agata"]
[Result "1-0"]
[WhiteElo "1568"]
[BlackElo "1417"]
[PlyCount "49"]
[EventDate "2019.08.02"]
[EventType "swiss"]
[EventRounds "9"]
[EventCountry "SVK"]
[SourceTitle "CBM 191 Extra"]
[Source "ChessBase"]
[SourceDate "2019.09.30"]
[SourceVersion "1"]
[SourceVersionDate "2019.09.30"]
[SourceQuality "1"]

1. e4 e5 2. Nf3 Nc6 3. Bc4 Bc5 4. c3 d6 5. Bb3 Nf6 6. d3 Bg4 7. Nbd2 Qe7 8. Nf1 h6 9. h3 Bh5 10. Ng3 Bg6 11. 0-0 0-0 12. Nh4 Bh7 13. Nhf5 Qd7 14. Qf3 Qd8 15. Nxh6+ gxh6 16. Bxh6 Bg6 17. Bg5 Kg7 18. h4 Rh8 19. h5 Rxh5 20. Nxh5+ Bxh5 21. Bxf6+ Qxf6 22. Qxh5 Rh8 23. Qg4+ Kh6 24. g3 Rg8 25. Qxg8 1-0

[Event "EU-ch U16 Girls"]
[Site "Bratislava"]
[Date "2019.08.06"]
[Round "5"]
[White "Huskova, Agata"]
[Black "Datelova, Daniela"]
[Result "1/2-1/2"]
[WhiteElo "1417"]
[BlackElo "1466"]
[PlyCount "90"]
[EventDate "2019.08.02"]
[EventType "swiss"]
[EventRounds "9"]
[EventCountry "SVK"]
[SourceTitle "CBM 191 Extra"]
[Source "ChessBase"]
[SourceDate "2019.09.30"]
[SourceVersion "1"]
[SourceVersionDate "2019.09.30"]
[SourceQuality "1"]

1. e4 d5 2. exd5 Qxd5 3. Nc3 Qd6 4. d4 a6 5. Nf3 Nf6 6. Be2 g6 7. h3 Bg7 8. 0-0 0-0 9. Be3 Nc6 10. Qd2 b5 11. Bd3 Bb7 12. Ne4 Nxe4 13. Bxe4 Rad8 14. Rad1 Ba8 15. c3 Rfe8 16. Qc2 Na5 17. Bxa8 Rxa8 18. Rfe1 Nc4 19. Bc1 c6 20. Nd2 Nb6 21. Ne4 Qc7 22. Nc5 e5 23. dxe5 Rxe5 24. Nd3 Rd5 25. Bf4 Qd8 26. Nb4 Rxd1 27. Rxd1 Qf6 28. Bc7 Nc4 29. Bg3 a5 30. Nd3 Rd8 31. Bc7 Rd7 32. Bg3 Qf5 33. Qe2 Qd5 34. f3 Bh6 35. Nf2 Qe6 36. Qxe6 Rxd1+ 37. Nxd1 fxe6 38. b3 Ne3 39. Nxe3 Bxe3+ 40. Bf2 Bxf2+ 41. Kxf2 Kf7 42. Ke3 e5 43. Ke4 Ke6 44. a3 h6 45. g3 g5 1/2-1/2

[Event "EU-ch U16 Girls"]
[Site "Bratislava"]
[Date "2019.08.02"]
[Round "1"]
[White "Huskova, Agata"]
[Black "Muedder, Melanie"]
[Result "0-1"]
[WhiteElo "1417"]
[BlackElo "1905"]
[PlyCount "80"]
[EventDate "2019.08.02"]
[EventType "swiss"]
[EventRounds "9"]
[EventCountry "SVK"]
[SourceTitle "CBM 191 Extra"]
[Source "ChessBase"]
[SourceDate "2019.09.30"]
[SourceVersion "1"]
[SourceVersionDate "2019.09.30"]
[SourceQuality "1"]

1. e4 c5 2. Nf3 Nc6 3. Bb5 Nf6 4. Nc3 g6 5. 0-0 Bg7 6. Re1 0-0 7. Bxc6 dxc6 8. d3 Qc7 9. Be3 b6 10. h3 e5 11. Qd2 Rd8 12. Qc1 Nd7 13. Bh6 Nf8 14. Bxg7 Kxg7 15. a4 h6 16. b3 Qe7 17. a5 b5 18. Qe3 Qd6 19. Ra2 Ne6 20. Rea1 Ba6 21. Ne2 c4 22. dxc4 bxc4 23. b4 Nd4 24. c3 Nb3 25. Re1 c5 26. bxc5 Nxc5 27. Rd2 Qc7 28. Red1 Rd3 29. Rxd3 cxd3 30. Nc1 Re8 31. Ne1 Qxa5 32. Ncxd3 Nxd3 33. Nxd3 Qxc3 34. Nc5 Qxe3 35. fxe3 Bb5 36. Ra1 Rc8 37. Nb7 a6 38. Ra5 Rc4 39. Nd6 Ra4 40. Rxa4 Bxa4 0-1

[Event "CZE-chT U18 Extraliga West 1617"]
[Site "Czech Republic"]
[Date "2017.01.21"]
[Round "6.6"]
[White "Vlkova, Anezka"]
[Black "Huskova, Agata"]
[Result "1-0"]
[WhiteElo "1859"]
[BlackElo "1405"]
[PlyCount "79"]
[EventDate "2016.10.01"]
[EventType "team-tourn"]
[EventRounds "11"]
[EventCountry "CZE"]
[SourceTitle "EXT 2022"]
[Source "ChessBase"]
[SourceDate "2021.10.06"]
[SourceVersion "1"]
[SourceVersionDate "2021.10.06"]
[SourceQuality "1"]
[WhiteTeam "Vlasim U18"]
[BlackTeam "Liberec Desko U18"]
[WhiteTeamCountry "CZE"]
[BlackTeamCountry "CZE"]

1. e4 e5 2. Nf3 Nc6 3. Bc4 Bc5 4. c3 Nf6 5. d3 d6 6. Bb3 Be6 7. Nbd2 0-0 8. 0-0 h6 9. Re1 Qe7 10. Nf1 Rad8 11. Ng3 Bg4 12. h3 Be6 13. Be3 Bb6 14. Bxb6 axb6 15. d4 Bd7 16. d5 Nb8 17. Qd2 c6 18. dxc6 bxc6 19. Qe3 c5 20. Nh4 Nc6 21. Ng6 Qe8 22. Nxf8 Qxf8 23. Rad1 Bc8 24. f4 Qe7 25. f5 Ba6 26. Qf3 c4 27. Bc2 b5 28. Nh5 Nxh5 29. Qxh5 Qf6 30. a3 Bb7 31. Rd2 Ne7 32. Qe2 Nc8 33. a4 Ba6 34. Red1 bxa4 35. Bxa4 Nb6 36. Bc6 Qe7 37. Ra1 Bc8 38. Bb5 Qc7 39. Qf2 Bb7 40. Re2 1-0

[Event "CZE-chT U18 Extraliga West 1617"]
[Site "Czech Republic"]
[Date "2016.10.02"]
[Round "3.6"]
[White "Simet, Martin"]
[Black "Huskova, Agata"]
[Result "1-0"]
[WhiteElo "2098"]
[BlackElo "1405"]
[PlyCount "37"]
[EventDate "2016.10.01"]
[EventType "team-tourn"]
[EventRounds "11"]
[EventCountry "CZE"]
[SourceTitle "EXT 2022"]
[Source "ChessBase"]
[SourceDate "2021.10.06"]
[SourceVersion "1"]
[SourceVersionDate "2021.10.06"]
[SourceQuality "1"]
[WhiteTeam "Klatovy U18"]
[BlackTeam "Liberec Desko U18"]
[WhiteTeamCountry "CZE"]
[BlackTeamCountry "CZE"]

1. e4 e5 2. Nf3 Nc6 3. Bb5 a6 4. Ba4 b5 5. Bb3 Nf6 6. 0-0 d6 7. Ng5 d5 8. exd5 Nxd5 9. Qf3 Be6 10. Nxe6 fxe6 11. Nc3 Nce7 12. Re1 c6 13. Rxe5 Qd6 14. d4 0-0-0 15. Ne4 Qc7 16. Rxe6 h6 17. a4 b4 18. a5 Qb7 19. Nd6+ 1-0

[Event "CZE-chT U18 Extraliga West 1617"]
[Site "Czech Republic"]
[Date "2016.10.01"]
[Round "2.6"]
[White "Huskova, Agata"]
[Black "Skypala, Ondrej"]
[Result "0-1"]
[WhiteElo "1405"]
[BlackElo "1757"]
[PlyCount "96"]
[EventDate "2016.10.01"]
[EventType "team-tourn"]
[EventRounds "11"]
[EventCountry "CZE"]
[SourceTitle "EXT 2022"]
[Source "ChessBase"]
[SourceDate "2021.10.06"]
[SourceVersion "1"]
[SourceVersionDate "2021.10.06"]
[SourceQuality "1"]
[WhiteTeam "Liberec Desko U18"]
[BlackTeam "Praha Kobylisy U18"]
[WhiteTeamCountry "CZE"]
[BlackTeamCountry "CZE"]

1. e4 e6 2. d4 d5 3. exd5 exd5 4. Nf3 Nf6 5. c3 Bf5 6. Bd3 Bxd3 7. Qxd3 Bd6 8. 0-0 0-0 9. Bg5 Nbd7 10. Nbd2 c6 11. Rfe1 Qc7 12. h3 h6 13. Be3 Rfe8 14. Rad1 Re7 15. Qc2 Rae8 16. Qb1 Ne4 17. Nxe4 dxe4 18. Nd2 f5 19. Nc4 f4 20. Bc1 Nf6 21. f3 exf3 22. Rxe7 Qxe7 23. Qc2 Qe2 24. Qxe2 fxe2 25. Re1 Bc7 26. Kf2 Ne4+ 27. Kf3 Ng5+ 28. Kf2 b5 29. Nd2 f3 30. Nxf3 Ne4+ 31. Kxe2 Nxc3+ 32. Kf1 Rxe1+ 33. Kxe1 Nxa2 34. Bd2 a5 35. Kd1 a4 36. Kc2 Bd6 37. Kb1 Nb4 38. Bxb4 Bxb4 39. Ka2 Bd6 40. Ne1 Kf7 41. Nc2 Ke6 42. b4 Kd5 43. Ne3+ Ke4 44. Nc2 Kd3 45. Kb2 Kd2 46. g4 g5 47. Kb1 Kc3 48. Kc1 Bxb4 0-1

[Event "CZE-chT U18 Extraliga West 1617"]
[Site "Czech Republic"]
[Date "2016.10.01"]
[Round "1.6"]
[White "Popovsky, Ondrej"]
[Black "Huskova, Agata"]
[Result "1-0"]
[WhiteElo "1434"]
[BlackElo "1405"]
[PlyCount "61"]
[EventDate "2016.10.01"]
[EventType "team-tourn"]
[EventRounds "11"]
[EventCountry "CZE"]
[SourceTitle "EXT 2022"]
[Source "ChessBase"]
[SourceDate "2021.10.06"]
[SourceVersion "1"]
[SourceVersionDate "2021.10.06"]
[SourceQuality "1"]
[WhiteTeam "Bustehrad U18"]
[BlackTeam "Liberec Desko U18"]
[WhiteTeamCountry "CZE"]
[BlackTeamCountry "CZE"]

1. d4 d6 2. Nf3 Bg4 3. c4 c6 4. Nc3 Nd7 5. g3 e5 6. Bg2 Ngf6 7. dxe5 dxe5 8. 0-0 Be7 9. Qc2 h6 10. Rd1 Qc7 11. a3 0-0 12. b4 Rac8 13. Be3 a6 14. Ne4 Bf5 15. Nxf6+ Bxf6 16. Qxf5 Rcd8 17. Rac1 Rfe8 18. Nd2 g6 19. Qc2 Bg7 20. Ne4 Nf8 21. Rxd8 Qxd8 22. Rd1 Qe7 23. Qd2 Kh7 24. Qd6 Qxd6 25. Rxd6 f5 26. Nf6+ Bxf6 27. Rxf6 h5 28. Rf7+ Kg8 29. Rxb7 Rc8 30. Re7 e4 31. f3 1-0

[Event "CZE-chT U18 Extraliga final-B 1516"]
[Site "Czech Republic"]
[Date "2016.04.24"]
[Round "11.6"]
[White "Fryda, Dominik1111"]
[Black "Huskova, Agata"]
[Result "1-0"]
[WhiteElo "1700"]
[BlackElo "1522"]
[PlyCount "91"]
[EventDate "2015.10.03"]
[EventType "team-tourn"]
[EventRounds "11"]
[EventCountry "CZE"]
[SourceTitle "EXT 2022"]
[Source "ChessBase"]
[SourceDate "2021.10.06"]
[SourceVersion "1"]
[SourceVersionDate "2021.10.06"]
[SourceQuality "1"]
[WhiteTeam "Brno Lokomotiva U18"]
[BlackTeam "Liberec Desko U18"]
[WhiteTeamCountry "CZE"]
[BlackTeamCountry "CZE"]

1. f4 d6 2. Nf3 Bg4 3. e4 Nd7 4. Bc4 e5 5. d3 Ngf6 6. Nc3 Be7 7. 0-0 c6 8. Kh1 Qc7 9. Be3 0-0 10. Qd2 Be6 11. Bb3 Bxb3 12. axb3 a6 13. Rae1 Rfe8 14. fxe5 dxe5 15. Rf2 Ng4 16. Rff1 Nxe3 17. Qxe3 Qb6 18. Qd2 h6 19. Ne2 Bf6 20. Ng3 Rf8 21. Nf5 Qc7 22. h3 Kh7 23. Nh2 g6 24. Nxh6 Bg7 25. Nxf7 Nf6 26. Ng5+ Kg8 27. Ne6 Qe7 28. Nxf8 Rxf8 29. Qg5 Qe6 30. Qxg6 Qf7 31. Qxf7+ Rxf7 32. Rf5 Nh7 33. Ref1 Re7 34. Ng4 b5 35. Rh5 Re6 36. Rff5 Nf6 37. Nxf6+ Bxf6 38. g4 Bg7 39. Rhg5 Kh7 40. Rf7 Rg6 41. Rxg6 Kxg6 42. Rc7 Kh6 43. Rxc6+ Kg5 44. Rxa6 Kh4 45. Kg2 Bf8 46. Ra5 1-0

[Event "CZE-chT U18 Extraliga final-B 1516"]
[Site "Czech Republic"]
[Date "2016.04.23"]
[Round "10.6"]
[White "Huskova, Agata"]
[Black "Zavadil, Matyas"]
[Result "0-1"]
[WhiteElo "1522"]
[BlackElo "1631"]
[PlyCount "132"]
[EventDate "2015.10.03"]
[EventType "team-tourn"]
[EventRounds "11"]
[EventCountry "CZE"]
[SourceTitle "EXT 2022"]
[Source "ChessBase"]
[SourceDate "2021.10.06"]
[SourceVersion "1"]
[SourceVersionDate "2021.10.06"]
[SourceQuality "1"]
[WhiteTeam "Liberec Desko U18"]
[BlackTeam "Brno Duras U18"]
[WhiteTeamCountry "CZE"]
[BlackTeamCountry "CZE"]

1. e4 e5 2. Nf3 Nc6 3. Bc4 Nf6 4. d4 exd4 5. Nxd4 d6 6. 0-0 Be7 7. Nc3 0-0 8. Re1 Re8 9. Bf4 Bf8 10. Qd3 Ne5 11. Bxe5 dxe5 12. Nf3 Qxd3 13. Bxd3 c6 14. Rad1 Bg4 15. Be2 Bb4 16. Nd2 Bxc3 17. bxc3 Bxe2 18. Rxe2 Rad8 19. Ree1 Rd7 20. Nf3 Rxd1 21. Rxd1 Nxe4 22. Rd3 f6 23. c4 Nc5 24. Re3 Rd8 25. Kf1 Kf7 26. Ke2 Ne6 27. Re4 Nf4+ 28. Kf1 Rd1+ 29. Re1 Rxe1+ 30. Nxe1 Ke7 31. g3 Ne6 32. Ke2 Nd4+ 33. Ke3 Kd6 34. c3 Ne6 35. Nd3 Nc5 36. Nb4 a5 37. Nc2 Na4 38. Kd3 Nb2+ 39. Ke4 Nxc4 40. f4 exf4 41. Kxf4 b5 42. Nd4 g6 43. Ke4 Nd2+ 44. Kd3 Nf1 45. Nb3 Kd5 46. Kc2 Ne3+ 47. Kd3 Nf1 48. Nxa5 Nxh2 49. c4+ bxc4+ 50. Nxc4 Ng4 51. Nd2 Nf2+ 52. Ke3 Nd1+ 53. Kd3 Nb2+ 54. Kc3 Na4+ 55. Kb4 Nb6 56. a4 Nxa4 57. Kxa4 h5 58. Kb4 g5 59. Kc3 h4 60. gxh4 gxh4 61. Nf1 Ke4 62. Nh2 Kf4 63. Kd2 Kg3 64. Nf1+ Kf2 65. Nh2 f5 66. Kd1 Kg2 0-1

[Event "CZE-chT U18 Extraliga West 1516"]
[Site "Czech Republic"]
[Date "2015.10.04"]
[Round "3.6"]
[White "Semova, Lada"]
[Black "Huskova, Agata"]
[Result "0-1"]
[WhiteElo "1217"]
[BlackElo "1522"]
[PlyCount "86"]
[EventDate "2015.10.03"]
[EventType "team-tourn"]
[EventRounds "11"]
[EventCountry "CZE"]
[SourceTitle "EXT 2022"]
[Source "ChessBase"]
[SourceDate "2021.10.06"]
[SourceVersion "1"]
[SourceVersionDate "2021.10.06"]
[SourceQuality "1"]
[WhiteTeam "Most Chess U18"]
[BlackTeam "Liberec Desko U18"]
[WhiteTeamCountry "CZE"]
[BlackTeamCountry "CZE"]

1. e4 e5 2. Nf3 Nc6 3. Nc3 Nf6 4. Bb5 Bb4 5. Qe2 Qe7 6. a3 Bc5 7. d3 0-0 8. Bg5 Qe6 9. Bxc6 bxc6 10. 0-0-0 Ba6 11. Bxf6 Qxf6 12. g4 Rab8 13. g5 Qd6 14. Qd2 Bd4 15. h4 Rb7 16. Na4 Rfb8 17. Nxd4 Qxd4 18. Qa5 Bb5 19. Nc3 Qxf2 20. h5 Qf4+ 21. Rd2 Qxg5 22. Rhh2 Bxd3 23. cxd3 Rxb2 24. Rhg2 Qf4 25. Ne2 Qf1+ 26. Rd1 Qxg2 27. Rd2 Qg5 28. a4 R8b4 29. Qxb4 Rxb4 30. a5 g6 31. hxg6 fxg6 32. a6 h5 33. Kc2 Rb2+ 34. Kxb2 Qxd2+ 35. Kb3 Qxe2 36. Kc4 h4 37. Kc5 h3 38. d4 exd4 39. Kxd4 h2 40. Ke5 h1Q 41. Kf6 Qexe4 42. Kg5 Qg1+ 43. Kh6 Qh4# 0-1